<?xml version="1.0" encoding="UTF-8"?>
<record
    xmlns:xsi="http://www.w3.org/2001/XMLSchema-instance"
    xsi:schemaLocation="http://www.loc.gov/MARC21/slim http://www.loc.gov/standards/marcxml/schema/MARC21slim.xsd"
    xmlns="http://www.loc.gov/MARC21/slim">

  <leader>00390pam a2200145 a 4500</leader>
  <datafield tag="020" ind1=" " ind2=" ">
    <subfield code="a">978-81-224-1223-8</subfield>
    <subfield code="c"></subfield>
  </datafield>
  <datafield tag="041" ind1=" " ind2=" ">
    <subfield code="h"></subfield>
  </datafield>
  <datafield tag="082" ind1=" " ind2=" ">
    <subfield code="a">624.151'36</subfield>
  </datafield>
  <datafield tag="100" ind1=" " ind2=" ">
    <subfield code="a">Ranjan G. &amp; Rao A.S.R.</subfield>
    <subfield code="e">Author</subfield>
  </datafield>
  <datafield tag="245" ind1=" " ind2=" ">
    <subfield code="a">Basic and Applied Soil Mechanics</subfield>
    <subfield code="c">Ranjan G. &amp; Rao A.S.R.</subfield>
    <subfield code="h">Textual Documents </subfield>
  </datafield>
  <datafield tag="250" ind1=" " ind2=" ">
    <subfield code="a">2nd Ed.</subfield>
  </datafield>
  <datafield tag="260" ind1=" " ind2=" ">
    <subfield code="b">New Age Omtermatopmal Pub.</subfield>
    <subfield code="c">2013</subfield>
  </datafield>
  <datafield tag="300" ind1=" " ind2=" ">
    <subfield code="a">762</subfield>
  </datafield>
  <datafield tag="930" ind1=" " ind2=" ">
    <subfield code="a">794</subfield>
  </datafield>
  <datafield tag="999" ind1=" " ind2=" ">
    <subfield code="c">244870</subfield>
    <subfield code="d">244870</subfield>
  </datafield>
  <datafield tag="952" ind1=" " ind2=" ">
    <subfield code="0">0</subfield>
    <subfield code="1">0</subfield>
    <subfield code="4">0</subfield>
    <subfield code="7">0</subfield>
    <subfield code="8">General </subfield>
    <subfield code="a">ECL</subfield>
    <subfield code="b">ECL</subfield>
    <subfield code="d">1900-01-01</subfield>
    <subfield code="e">BMSGB Ltd.</subfield>
    <subfield code="g">395.00</subfield>
    <subfield code="l">0</subfield>
    <subfield code="o">624.151'36 </subfield>
    <subfield code="p">ECL-03320</subfield>
    <subfield code="r">2023-04-03 00:00:00</subfield>
    <subfield code="t">10</subfield>
    <subfield code="w">2023-04-03</subfield>
    <subfield code="y">BK</subfield>
  </datafield>
  <datafield tag="952" ind1=" " ind2=" ">
    <subfield code="0">0</subfield>
    <subfield code="1">0</subfield>
    <subfield code="4">0</subfield>
    <subfield code="7">0</subfield>
    <subfield code="8">General </subfield>
    <subfield code="a">ECL</subfield>
    <subfield code="b">ECL</subfield>
    <subfield code="d">1900-01-01</subfield>
    <subfield code="e">BMSGB Ltd.</subfield>
    <subfield code="g">395.00</subfield>
    <subfield code="l">0</subfield>
    <subfield code="o">624.151'36 </subfield>
    <subfield code="p">ECL-03319</subfield>
    <subfield code="r">2023-04-03 00:00:00</subfield>
    <subfield code="t">9</subfield>
    <subfield code="w">2023-04-03</subfield>
    <subfield code="y">BK</subfield>
  </datafield>
  <datafield tag="952" ind1=" " ind2=" ">
    <subfield code="0">0</subfield>
    <subfield code="1">0</subfield>
    <subfield code="4">0</subfield>
    <subfield code="7">0</subfield>
    <subfield code="8">General </subfield>
    <subfield code="a">ECL</subfield>
    <subfield code="b">ECL</subfield>
    <subfield code="d">1900-01-01</subfield>
    <subfield code="e">BMSGB Ltd.</subfield>
    <subfield code="g">395.00</subfield>
    <subfield code="l">0</subfield>
    <subfield code="o">624.151'36 </subfield>
    <subfield code="p">ECL-03318</subfield>
    <subfield code="r">2023-04-03 00:00:00</subfield>
    <subfield code="t">8</subfield>
    <subfield code="w">2023-04-03</subfield>
    <subfield code="y">BK</subfield>
  </datafield>
  <datafield tag="952" ind1=" " ind2=" ">
    <subfield code="0">0</subfield>
    <subfield code="1">0</subfield>
    <subfield code="4">0</subfield>
    <subfield code="7">0</subfield>
    <subfield code="8">General </subfield>
    <subfield code="a">ECL</subfield>
    <subfield code="b">ECL</subfield>
    <subfield code="d">1900-01-01</subfield>
    <subfield code="e">BMSGB Ltd.</subfield>
    <subfield code="g">395.00</subfield>
    <subfield code="l">0</subfield>
    <subfield code="o">624.151'36 </subfield>
    <subfield code="p">ECL-03317</subfield>
    <subfield code="r">2023-04-03 00:00:00</subfield>
    <subfield code="t">7</subfield>
    <subfield code="w">2023-04-03</subfield>
    <subfield code="y">BK</subfield>
  </datafield>
  <datafield tag="952" ind1=" " ind2=" ">
    <subfield code="0">0</subfield>
    <subfield code="1">0</subfield>
    <subfield code="4">0</subfield>
    <subfield code="7">0</subfield>
    <subfield code="8">General </subfield>
    <subfield code="a">ECL</subfield>
    <subfield code="b">ECL</subfield>
    <subfield code="d">1900-01-01</subfield>
    <subfield code="e">BMSGB Ltd.</subfield>
    <subfield code="g">395.00</subfield>
    <subfield code="l">0</subfield>
    <subfield code="o">624.151'36 </subfield>
    <subfield code="p">ECL-03316</subfield>
    <subfield code="r">2023-04-03 00:00:00</subfield>
    <subfield code="t">6</subfield>
    <subfield code="w">2023-04-03</subfield>
    <subfield code="y">BK</subfield>
  </datafield>
  <datafield tag="952" ind1=" " ind2=" ">
    <subfield code="0">0</subfield>
    <subfield code="1">0</subfield>
    <subfield code="4">0</subfield>
    <subfield code="7">0</subfield>
    <subfield code="8">General </subfield>
    <subfield code="a">ECL</subfield>
    <subfield code="b">ECL</subfield>
    <subfield code="d">1900-01-01</subfield>
    <subfield code="e">BMSGB Ltd.</subfield>
    <subfield code="g">395.00</subfield>
    <subfield code="l">0</subfield>
    <subfield code="o">624.151'36 </subfield>
    <subfield code="p">ECL-03315</subfield>
    <subfield code="r">2023-04-03 00:00:00</subfield>
    <subfield code="t">5</subfield>
    <subfield code="w">2023-04-03</subfield>
    <subfield code="y">BK</subfield>
  </datafield>
  <datafield tag="952" ind1=" " ind2=" ">
    <subfield code="0">0</subfield>
    <subfield code="1">0</subfield>
    <subfield code="4">0</subfield>
    <subfield code="7">0</subfield>
    <subfield code="8">General </subfield>
    <subfield code="a">ECL</subfield>
    <subfield code="b">ECL</subfield>
    <subfield code="d">1900-01-01</subfield>
    <subfield code="e">BMSGB Ltd.</subfield>
    <subfield code="g">395.00</subfield>
    <subfield code="l">0</subfield>
    <subfield code="o">624.151'36 </subfield>
    <subfield code="p">ECL-03314</subfield>
    <subfield code="r">2023-04-03 00:00:00</subfield>
    <subfield code="t">4</subfield>
    <subfield code="w">2023-04-03</subfield>
    <subfield code="y">BK</subfield>
  </datafield>
  <datafield tag="952" ind1=" " ind2=" ">
    <subfield code="0">0</subfield>
    <subfield code="1">0</subfield>
    <subfield code="4">0</subfield>
    <subfield code="7">0</subfield>
    <subfield code="8">General </subfield>
    <subfield code="a">ECL</subfield>
    <subfield code="b">ECL</subfield>
    <subfield code="d">1900-01-01</subfield>
    <subfield code="e">BMSGB Ltd.</subfield>
    <subfield code="g">395.00</subfield>
    <subfield code="l">0</subfield>
    <subfield code="o">624.151'36 </subfield>
    <subfield code="p">ECL-03313</subfield>
    <subfield code="r">2023-04-03 00:00:00</subfield>
    <subfield code="t">3</subfield>
    <subfield code="w">2023-04-03</subfield>
    <subfield code="y">BK</subfield>
  </datafield>
  <datafield tag="952" ind1=" " ind2=" ">
    <subfield code="0">0</subfield>
    <subfield code="1">0</subfield>
    <subfield code="4">0</subfield>
    <subfield code="7">0</subfield>
    <subfield code="8">General </subfield>
    <subfield code="a">ECL</subfield>
    <subfield code="b">ECL</subfield>
    <subfield code="d">1900-01-01</subfield>
    <subfield code="e">BMSGB Ltd.</subfield>
    <subfield code="g">395.00</subfield>
    <subfield code="l">0</subfield>
    <subfield code="o">624.151'36 </subfield>
    <subfield code="p">ECL-03312</subfield>
    <subfield code="r">2023-04-03 00:00:00</subfield>
    <subfield code="t">2</subfield>
    <subfield code="w">2023-04-03</subfield>
    <subfield code="y">BK</subfield>
  </datafield>
  <datafield tag="952" ind1=" " ind2=" ">
    <subfield code="0">0</subfield>
    <subfield code="1">0</subfield>
    <subfield code="4">0</subfield>
    <subfield code="7">0</subfield>
    <subfield code="8">General </subfield>
    <subfield code="a">ECL</subfield>
    <subfield code="b">ECL</subfield>
    <subfield code="d">1900-01-01</subfield>
    <subfield code="e">BMSGB Ltd.</subfield>
    <subfield code="g">395.00</subfield>
    <subfield code="l">0</subfield>
    <subfield code="o">624.151'36 </subfield>
    <subfield code="p">ECL-03311</subfield>
    <subfield code="r">2023-04-03 00:00:00</subfield>
    <subfield code="t">1</subfield>
    <subfield code="w">2023-04-03</subfield>
    <subfield code="y">BK</subfield>
  </datafield>
</record>
